Missing Word: Hanna-Barbera Characters Quiz Stats

 Plays Quiz Updated Jul 11, 2018

Challenge
Share
Tweet
Embed
Score 0/20 Timer 03:00
0 Plays Today
Name Missing Word % Correct
Yogi ____Bear
96.3%
Quick ____ McGrawDraw
95%
____-DooScooby
95%
Fred _____Flintstone
94.4%
Hong ____ PhooeyKong
91.2%
George ____Jetson
79.6%
Magilla ____Gorilla
76.1%
____ HoundHuckleberry
67%
Top ____Cat
63%
Grape ____Ape
57.5%
Name Missing Word % Correct
____ DastardlyDick
57.3%
____ AntAtom
56.4%
____ PitstopPenelope
43.5%
Augie ____Doggie
43.5%
____ QuestJonny
43%
Space ____Ghost
43%
____ SquirrelSecret
26.2%
Squiddly ____Diddly
25.6%
Wally ____Gator
20.7%
____ PotamusPeter
13.6%

Today's Daily Dose

You're not logged in!

Compare scores with friends on all Sporcle quizzes.
Join for Free
OR
Log In

You Might Also Like...

Show Comments

Extras

Top Quizzes Today


Score Distribution

Your Account Isn't Verified!

In order to create a playlist on Sporcle, you need to verify the email address you used during registration. Go to your Sporcle Settings to finish the process.

Report this User

Report this user for behavior that violates our Community Guidelines.

Details: